Multiple-Choice Easy Latin Words #1 - Statistics

General Stats
  • This quiz has been taken 25 times
  • The average score is 12 of 15
Answer Stats
Question Answer % Correct
Piscis Fish
96%
Canis Dog
92%
Deus God
92%
Equus Horse
92%
Nomen Name
92%
Amor Love
88%
Magister Teacher
88%
Habere to have
88%
Sanguis Blood
79%
Aurum Gold
79%
Manus Hand
79%
Dare to give
67%
Loqui to speak
58%
Aut Or
46%
Iubere To order
25%
No matching quizzes found
Score Distribution
Percent of People with Each Score
Percentile by Number Answered
Your Score History
You have not taken this quiz